00409nam a2200169Ia 4500003000400000008004100004040001600045082001600061100001700077245006000094260003400154300001000188650000900198650001000207650001100217650001100228GCL140319s9999 xx 000 0 eng d aGCL / cGCL04a792.23bR C1 aRUDLIN, JOHN10aCOMMEDIA DELL'ART: AN ACTOR'S HANDBOOK / cRUDLIN, JOHN a[S.N] : bROUTLEDGE ، c1997 a282 P04aARTS04aDRAMA04aACTING04aCOMEDY